เปลี่ยนเป็นภาษาไทย

Change to English
 แสดงรายละเอียดบรรณานุกรม
  กลับหน้าหลัก

Brief Record : Get Marc (ISO 2709) : E-mail record : QR code กลับ
หนังสือการแพทย์ E-books หนังสือทั่วไป : เกี่ยวกับ Collections
LEADER 00000nam 2200000uu 4500
001    39258
003     ULIBM
008    020711s2566 th a 000 0 tha d
020    9789740342366
060    W20.5 ธ633ก
100    ธีรพล ทิพย์พยอม
245    การทบทวนวรรณกรรมอย่างเป็นระบบขั้นพื้นฐาน สำหรับบุคลากรทางการแพทย์=Besic Sytemtic Review for Healthcare Professionals/ธีรพล ทิพย์พยอม
250    พิมพ์ครั้งที่ 4
260    กรุงเทพฯ :^bจุฬาลงกรณ์มหาวิทยาลัย,^c2566
300    236 หน้า ;^c25 ซม.
650    วิทยาศาสตร์การแพทย์--วิจัย--วิธีวิทยา
650    Systematic Reviews as Topic — methods
650    Review Literature as Topic — standards
650    Evidence-Based Practice — methods
650    Research Design
650    Meta-Analysis as Topic — methods
650    Health Personnel — education
999    ^aฐานิตา โสภะสุนทร
รายการนี้ยังไม่มีแท็ก
คุณยังไม่ได้ล็อกอิน คุณสามารถมีกิจกรรมร่วมกับเว็บไซต์ได้ แต่ต้องล็อกอินก่อน ::
  ล็อกอิน
ลำดับที่ ประเภท เลขเรียก/บาร์โค้ด สถานที่ สถานะ
1. หนังสือทั่วไป
หนังสือทั่วไป
W20.5 ธ633ก 2566  
  Barcode: 005407
KRPH Library On Shelf
  ขอยืม
   [แสดง 1/1 รายการ]

รายการใกล้เคียง
    หัวเรื่อง [วิทยาศาสตร์การแพทย์--วิจัย--วิธีวิทยา]
    หัวเรื่อง [Research Design]

BibComment


ยังไม่เคยถูกคอมเมนท์

คอมเมนท์ทรัพยากรรายการนี้
  คอมเมนท์: การทบทวนวรรณกรรมอ..
Bib 39258


 Union Library Management : ULibM
Copyright 2026. All Rights Reserved.